000 00314nam a2200133Ia 4500
005 20251222153544.0
008 251222s9999||||xx |||||||||||||| ||spa||
082 _a160/G94
100 _aGurvitch,Georges
245 0 _aDialéctica y Sociología
250 _a1ra.ed.
264 _bAlianza Editorial
942 _cLIB
999 _c30578
_d30578